Normal view
MARC view
- Mughees, Hassan Ahmad (318044)
Entry Personal Name
001 - CONTROL NUMBER
- control field: 118328
003 - CONTROL NUMBER IDENTIFIER
- control field: NUST
005 - DATE AND TIME OF LATEST TRANSACTION
- control field: 20231004112020.0
008 - FIXED-LENGTH DATA ELEMENTS
- fixed length control field: 231004|| aca||aabn | a|a d
040 ## - CATALOGING SOURCE
- Original cataloging agency: NUST
- Transcribing agency: NUST
100 ## - HEADING--PERSONAL NAME
- Personal name: Mughees, Hassan Ahmad (318044)
670 ## - SOURCE DATA FOUND
- Source citation: Work cat.: (NUST): Mughees, Hassan Ahmad (318044), Study of PV Penetration in Two Node System for Grid Stability and Inverter Inertia /
